Curio / Evangeline Denmark.
Available copies
- 1 of 1 copy available at LARL/NWRL Consortium.
Current holds
0 current holds with 1 total copy.
Show Only Available Copies
| Location | Call Number / Copy Notes | Barcode | Shelving Location | Status | Due Date |
|---|---|---|---|---|---|
| Roseau Public Library | ya DEN (Text) | 35500005736267 | Main | Available | - |
Record details
- ISBN: 9780310729662
- ISBN: 0310729661
- Physical Description: 429 pages ; 22 cm
- Publisher: Grand Rapids, Michigan : Blink, [2015]
- Copyright: ©2015
Content descriptions
| Summary, etc.: | Detesting the scientists who have taken over her ... Read More |
Search for related items by subject
| Subject: | Family secrets > Fiction. Family secrets > Juvenile fiction. Science fiction. |
| Genre: | Young adult fiction. Science fiction. |
| LDR | 01321cam a2200385Ii 4500 | ||
|---|---|---|---|
| 001 | 198795 | ||
| 003 | LARL_NWRL_CONSORTIUM | ||
| 005 | 20160120155957.0 | ||
| 008 | 150320t20152015miu j 000 1 eng d | ||
| 020 | . | ‡a9780310729662 | |
| 020 | . | ‡a0310729661 | |
| 035 | . | ‡a(OCoLC)907181075 | |
| 082 | 0 | 4. | ‡a[Fic] ‡223 |
| 049 | . | ‡aNRGH | |
| 100 | 1 | . | ‡aDenmark, Evangeline, ‡eauthor. ‡0(LARL_NWRL_CONSORTIUM)224043 |
| 245 | 1 | 0. | ‡aCurio / ‡cEvangeline Denmark. |
| 264 | 1. | ‡aGrand Rapids, Michigan : ‡bBlink, ‡c[2015] | |
| 264 | 4. | ‡c©2015 | |
| 300 | . | ‡a429 pages ; ‡c22 cm | |
| 336 | . | ‡atext ‡2rdacontent | |
| 337 | . | ‡aunmediated ‡2rdamedia | |
| 338 | . | ‡avolume ‡2rdacarrier | |
| 520 | . | ‡aDetesting the scientists who have taken over her small western town, Grey is transported by a mysterious curio cabinet to a world where porcelain and clockwork people are real and where she might find the means to save a friend. | |
| 650 | 1. | ‡aFamily secrets ‡vFiction. ‡0(LARL_NWRL_CONSORTIUM)164948 | |
| 650 | 0. | ‡aFamily secrets ‡vJuvenile fiction. | |
| 650 | 1. | ‡aScience fiction. ‡0(LARL_NWRL_CONSORTIUM)178126 | |
| 655 | 0. | ‡aYoung adult fiction. | |
| 655 | 7. | ‡aScience fiction. ‡2lcgft | |
| 905 | . | ‡ubacont | |
| 901 | . | ‡a198795 ‡b ‡c198795 ‡tbiblio ‡soclc | |

Add to basket
Permalink
Disable Highlighting